Los Pazos de Ulloa no. 6

Bibliographic Details
Main Author: Pardo Bazán, Emilia 1851-1921
Format: Kit
Language:Spanish
Series:Clásicos Castellanos
Subjects:

MARC

LEADER 00000csc a2200000 a 4500
001 65469
005 20230308210740.0
008 993073|1987 ||||||||r|||||||||||spa||
020 |a 8423938468 
040 |b spa 
041 1 |a spa 
082 0 |a 863.5 
100 1 |a Pardo Bazán, Emilia  |d 1851-1921  |9 57184 
245 |a Los Pazos de Ulloa  |c Emilia Pardo Bazán  |h imp  |n no. 6 
264 |a Madrid  |b Espasa-Calpe  |c 1987 
300 |a 401 páginas:  |c 20 cm 
490 |a Clásicos Castellanos  |n no. 6 
504 |a incl. ref. 
650 1 |a Novela española xix: creacion  |9 289438 
650 1 |a Pardo bazan, emilia: vida y obra  |9 289523 
852 |a UC-CDJBV  |c TERCER PISO  |f Donación  |k npena  |l 1  |m General  |p 19930730  |q 3,000  |r 8  |t 65469  |y 65469  |b 0  |d CDRC  |e CDRC  |g 863.5 TERCER PISO  |z 1993-30-73 
942
999 |c 116334  |d 116334